[Event "Biel GM 42nd"]
[Site "Biel"]
[Date "2009.07.27"]
[Round "7"]
[White "Gelfand, Boris"]
[Black "Morozevich, Alexander"]
[Result "0-1"]
[WhiteElo "2755"]
[BlackElo "2751"]
[Annotator "Marin,M"]
[PlyCount "96"]
[EventDate "2009.07.19"]
[EventType "tourn"]
[EventRounds "10"]
[EventCountry "SUI"]
[EventCategory "19"]
[SourceTitle "CBM 132"]
[Source "ChessBase"]
[SourceDate "2009.09.16"]
[SourceVersion "1"]
[SourceVersionDate "2009.09.16"]
[SourceQuality "1"]

1. d4 Nf6 2. c4 e6 3. Nf3 d5 4. g3 dxc4 5. Bg2 a6 6. Ne5 Bb4+ 7. Nc3 Nd5 {
Despite the unfavourable result of his game against Kramnik, from the Mexico
World Championship, Morozevich shows himself ready to continue the theoretical
discussion.} 8. O-O O-O 9. Qc2 b5 10. Be4 $5 $146 {Gelfand deviates from the
aforementioned game, bringing to nought the surprise effect of Morozevich's
home preparation. Over tha past years, I have frequently analysed this type of
position (arising from a wide range of opening variations based on a white
fianchetto) and noticed that computers are very keen on the move Bg2-e4. In
most of the cases, the move does not make too much sense, but in this specific
position White has a very concrete aim in his mind. If he could play a4 under
favourable circumstances, Black's queenside position would be seriously shaken.
} ({However, in the event of the immediate} 10. a4 {Black can react with} f6
11. Nf3 Bb7 12. axb5 Bxc3 13. bxc3 axb5 {White has compensation for the pawn,
but nothing really special. Gelfand's novely aims to weaken the enemy kingside,
discarding ...f6 as an answer to a4.}) (10. Nxd5 {Kramnik,V (2769)-Morozevich,
A (2758)/Mexico City 2007/CBM 120/[Marin,M] (1-0, 27)}) 10... Bb7 $1 {
Morozevich chooses the best practical decision. White is allowed to retrieve
the pawn and weaken the enemy kingside, but Black gets some tempi to complete
his development.} (10... f5 $6 11. Nxd5 {[%csl Gb4]} exd5 12. Bg5 $1 {[%csl
Gd5]} Qd6 13. Be7 $1 {[%csl Gd5]} fxe4 14. Bxd6 cxd6 {The knight is trapped
and Black will get three pieces for the queen. He also has an impressive
centre, but his delay in development allow White to maintain a strong
initiative.} 15. Nxc4 $1 bxc4 (15... dxc4 16. a3 Ba5 17. Qxe4 Ra7 18. a4 $16)
16. Qa4 Bd2 17. e3 {[%cal Ga1d1]} Bd7 18. Qa3 {[%cal Ga1d1]} a5 19. Qxd6 Bc6
20. Qe6+ Kh8 21. f3 $36 {Black has no obvious way to complete his development
and after the inevitable opening of the f-file he will experience back rank
problems.}) (10... g6 $6 {allows White to develop his initiative with natural
moves.} 11. Bh6 Re8 12. a4 $36 f6 $2 13. Nxg6 $1 f5 (13... hxg6 14. Bxd5 $1 $18
) 14. Ne5 fxe4 15. Qxe4 $40) (10... h6 $6 {may seem like the least committal
move, but after} 11. a4 Bb7 (11... f6 $2 {is impossible because of the
weakness of the g6-square.} 12. Bh7+ Kh8 13. Ng6+ Kxh7 14. Nxf8+ Kg8 15. Ng6
$18) 12. axb5 Bxc3 13. bxc3 axb5 14. Rxa8 Bxa8 15. Ba3 $16 {he cannot maintain
his material advantage with} Re8 $2 {because of} 16. Bh7+ Kh8 17. Nxf7#) 11.
Nxd5 {White exchanges the enemy knight at a moment when the strengthening move
...exd5 is impossible.} (11. Bxh7+ Kh8 12. Be4 {looks like a viable
alternative.}) 11... Bxd5 (11... exd5 $2 12. Bxh7+ Kh8 13. Qf5 g6 14. Qh3 $18)
12. Bxh7+ Kh8 13. Be4 Qe8 {Black prepares the development of his knight.} (
13... Nd7 $2 14. Bxd5 exd5 15. Nc6 $18) 14. Bg2 $1 {Exchanging on d5 would
strengthen Black's centre. By creating the strong positional threat e4, White
forces his opponent to release the tension himself.} Bxg2 (14... Nd7 15. e4 $14
) 15. Kxg2 Nd7 16. Nf3 $1 $14 {Another important retreat. Once the enemy
kingside has been weakened, the knight is very important for the purpose of
creating concrete threats with Ng5. The material is equal now, but White's
development looks more natural. Black's queenside majority is not easy to
promote and may become a source of worries, while the king is in permanent
danger.} e5 17. b3 $5 {Aiming to reduce Black's queenside space advantage and
preparing Bb2.} exd4 (17... e4 18. Ng5 f5 19. bxc4 $16) (17... cxb3 18. axb3 {
[%csl Ga6,Gc7]} exd4 19. Nxd4 c5 20. Nf5 Nf6 21. Bb2 $36 {[%csl Gb4,Gh8]}) 18.
Nxd4 Qe5 {Black connects rooks with gain of time, but the king is unstable in
the centre.} 19. Nf3 {Possibly not the best.} (19. Bb2 $6 {allows the tactical
trick} c3 $1 20. Bxc3 $2 Bxc3 21. Qxc3 c5 $19) (19. Rd1 $5 {[%cal Gc1f4,Gc1b2]
may be better.} Nb6 20. Bb2 $14 {[%cal Ga1c1]} c3 $140 $6 21. Nf3 (21. Bxc3
Bxc3 22. Qxc3 c5 23. Qa5 {is also good, winning a pawn.}) 21... Qf6 22. Rd4
cxb2 23. Rb1 $1 {[%cal Gd4h4,Gd4b4]} Ba3 24. Rh4+ Qxh4 25. Nxh4 $16 {The
b2-pawn is not dangerous. Apart of the permanent possibility of Rxb2, White
can consider transferring his knight to d3.}) 19... Qc3 (19... Qxa1 $2 20. Bb2
cxb3 {Relatively best. Black drives the enemy queen away from the attacking
b1-h7 diagonal.} 21. Qxb3 (21. axb3 Qa5 22. Ng5 f5 $13) 21... Qxf1+ 22. Kxf1
Be7 {Black has two rooks for a queen, but his king is exposed and his minor
pieces are hanging. A possible continuation is} 23. Qc3 Bf6 24. Qxc7 Bxb2 25.
Qxd7 $16) 20. Qb1 Qf6 21. Rd1 Ne5 {Black hopes to exchange the enemy knight or,
at least, reinforce the defence of the kingside.} (21... Nb6 $6 {would be
risky because of} 22. Bg5 Qe6 23. Rd4 $36) ({The greedy} 21... Bc3 $5 {is not
easy to refute.} 22. Rxd7 Bxa1 23. bxc4 (23. Ng5 Qc6+ 24. f3 f5) 23... bxc4 (
23... Qc6 $2 24. Rd5 $16) 24. Rxc7 Kg8 (24... Rac8 25. Ng5 g6 26. Nxf7+ $1 $40)
25. Rxc4 Rac8 26. Rh4 g6 $13 {White has two pawns for the exchange, but the
position remains double edged because Black is well coordinated and the
a2-pawn is a permanent source of worries, especially in the event of
simplifications.}) 22. Rd5 Ng6 $6 {The knight will be rather passive here.} (
22... Nxf3 $2 23. Rh5+ $18) (22... Rfe8 $5 {[%cal Ge5f3,Gh8g8,Gg8f8,Gf8e7,
Rb4c3] may be better. Black maintains the tension, clearing the path for the
king, making ...Nxf3 possible in certain cases and maintaining the threat of ..
.Bc3.}) 23. a3 $1 {The start of an elegant regrouping, which will result in
strong kingside pressure.} Bc3 24. Ra2 Qc6 25. Rh5+ Kg8 26. Rc2 Bf6 27. bxc4
bxc4 28. Bg5 Rab8 $6 {This impulsive move only helps White get fully
coordinated.} (28... Bxg5 29. Rxg5 Rae8 {[%cal Gg6e5]} ({The problem with the
more natural} 29... Rfe8 $6 {is that after} 30. Qb4 Ne5 31. Rxe5 Rxe5 32. Rxc4
$18 {the a8-square is not available.}) 30. Qb2 $14 {[%csl Ge5] White has the
better structure and Black's initiative is not easy to develop.}) 29. Qc1 Rb5
30. Rxc4 $16 {White has won a pawn and maintains good coordination.} Qe6 31. a4
Rd5 32. e4 Ra5 {Black's only hope is connected with the threat ...Nf4+.} 33. e5
$2 {This looks like time trouble panic.} (33. h3 $1 $16 {would parry the
threat and prepare Qc2 followed by either Rc6 or Rc5.}) 33... Bxe5 34. Bd2 $2
Bb2 $1 ({Gelfand missed this simple move, but it is difficult to say what he
had prepared against the neutral} 34... Rd5) 35. Rxa5 Bxc1 36. Rxc1 Qe4 $17 37.
Be3 Nh4+ 38. gxh4 Qg4+ 39. Kf1 Qxf3 40. Rac5 Re8 41. Kg1 Re4 42. Rg5 Rxh4 43.
Rg3 Qh5 44. Rxc7 Rxh2 45. Bd4 Rh1+ 46. Kg2 Qh2+ 47. Kf3 Rg1 48. Rxg1 Qxg1 0-1

[Event "Tashkent FIDE GP 2nd"]
[Site "Tashkent"]
[Date "2012.11.25"]
[Round "4"]
[White "Kamsky, Gata"]
[Black "Wang, Hao"]
[Result "0-1"]
[WhiteElo "2762"]
[BlackElo "2737"]
[Annotator "Marin,M"]
[PlyCount "116"]
[EventDate "2012.11.22"]
[EventType "tourn"]
[EventRounds "11"]
[EventCountry "UZB"]
[EventCategory "20"]
[SourceTitle "CBM 152"]
[Source "ChessBase"]
[SourceDate "2013.01.15"]
[SourceVersion "1"]
[SourceVersionDate "2013.01.15"]
[SourceQuality "1"]

1. d4 Nf6 2. c4 e6 3. g3 d5 4. Nf3 dxc4 5. Bg2 a6 6. Ne5 Bb4+ 7. Bd2 (7. Nc3
Nd5 8. O-O O-O 9. Qc2 b5 10. Nxd5 (10. Be4 {Gelfand,B (2755)-Morozevich,A 
(2751)/Biel 2009/CBM 132/[Marin,M] (0-1, 48)}) 10... exd5 11. b3 c6 12. e4 {
Kramnik,V (2769)-Morozevich,A (2758)/Mexico City 2007/CBM 120/[Marin,M] (1-0,
27)}) 7... Qxd4 8. Bxb4 Qxe5 9. Nd2 $146 (9. Na3 Nc6 10. Bxc6+ bxc6 11. Bc3 Qd5
12. f3 e5 13. e4 Qc5 14. Qd2 Be6 {Aronian,L (2773)-Mamedyarov,S (2721)/Ohrid
2009/CBM 133 (0-1, 39). There don't seem to be any problems for Black.}) 9...
Qb5 (9... Qxb2 10. Rb1 Qd4 (10... Qxa2 11. O-O) 11. Rc1) 10. Ba3 Bd7 11. Qc2
Nc6 12. Rc1 O-O-O $1 13. Nxc4 Kb8 {Black has got his king out of danger and
has a harmonious development. White does not seem to have enough compensation.
In fact, he will soon be a pawn down in a worse position!} 14. b3 Nd4 15. Qb2
Bc6 16. f3 h5 $17 17. h4 e5 18. e4 Bd7 19. Kf2 Be6 20. Ne3 Nd7 21. Rhe1 f6 22.
f4 Qb6 23. Kg1 Rdg8 24. Qf2 g5 25. hxg5 fxg5 26. fxe5 h4 27. Nf5 Bxf5 28. exf5
hxg3 29. Qe3 Nxf5 30. Qxb6 Nxb6 31. e6 Re8 32. Bb2 Rh6 33. Rc5 Nh4 34. Be5 Na8
35. Bxg3 Nxg2 36. Kxg2 Rhxe6 37. Rxe6 Rxe6 38. Kf3 Rg6 39. Kg4 b5 40. a4 bxa4
41. bxa4 Rb6 42. Kxg5 Rb4 43. a5 Rb5 44. Rxb5+ axb5 45. Kf5 Kb7 46. Ke6 b4 47.
Be1 b3 48. Bc3 Kc6 49. Ke7 Kb5 50. Ke6 Kc4 51. Be5 c5 52. Kd6 Kb4 53. Kc6 c4
54. a6 c3 55. Bxc3+ Kxc3 56. Kb7 b2 57. Kxa8 b1=Q 58. a7 Kb4 0-1

[Event "WchT 8th"]
[Site "Ningbo"]
[Date "2011.07.17"]
[Round "1.3"]
[White "El Gindy, Essam"]
[Black "Moiseenko, Alexander"]
[Result "0-1"]
[WhiteElo "2510"]
[BlackElo "2715"]
[Annotator "Marin,M"]
[PlyCount "76"]
[EventDate "2011.07.17"]
[EventType "team-tourn"]
[EventRounds "9"]
[EventCountry "CHN"]
[SourceTitle "CBM 144"]
[Source "ChessBase"]
[SourceDate "2011.09.16"]
[SourceVersion "1"]
[SourceVersionDate "2011.09.16"]
[SourceQuality "1"]
[WhiteTeam "Egypt"]
[BlackTeam "Ukraine"]
[WhiteTeamCountry "EGY"]
[BlackTeamCountry "UKR"]

1. d4 Nf6 2. c4 e6 3. Nf3 d5 4. g3 dxc4 5. Bg2 Nc6 6. Qa4 Bb4+ 7. Bd2 Nd5 8.
Qc2 {A rare continuation.} b5 {This was played only in a game between
low-rated players.} ({In the few games where this line was played, Black
defended his pawn with} 8... Nb6) 9. O-O $146 (9. a4 {Gibicar,D (2008)-Egle,S 
(2198)/Leinzell 2011/CBM 140 Extra (1/2, 20)}) 9... Bxd2 10. Nbxd2 O-O 11. Rfd1
Rb8 12. a3 Ba6 13. Ne4 Qe7 14. b4 Bb7 15. Nc5 Ba8 16. e4 Nb6 17. h4 Rfd8 18.
Rab1 h6 19. Qc3 Rbc8 20. a4 bxa4 $5 {Clearing the b5-square for the c6-knight.
A similar idea can be seen in the Benoni: ...bxa4 followed by ...Nc7-b5.} 21.
Rd2 a6 22. Nxa6 Na7 23. Nc5 Nb5 24. Qe3 a3 25. Bf1 Qd6 26. Rbd1 f5 $17 {
Black is a pawn up, has a harmonious development. With his last move, he
neutralizes what remained from White's compensation: his strong centre.} 27.
exf5 exf5 28. d5 Re8 29. Qf4 Qxf4 30. gxf4 Nc3 31. Ra1 Bxd5 32. Ne5 Ra8 33. Rc2
Nb5 34. Bg2 Bxg2 35. Kxg2 c3 36. Ned3 Rad8 37. Kf1 Rd4 38. Rca2 Nd5 0-1

[Event "Norway Chess 1st"]
[Site "Stavanger"]
[Date "2013.05.15"]
[Round "7"]
[White "Radjabov, Teimour"]
[Black "Anand, Viswanathan"]
[Result "0-1"]
[WhiteElo "2745"]
[BlackElo "2783"]
[Annotator "Marin,M"]
[PlyCount "68"]
[EventDate "2013.05.08"]
[EventType "tourn"]
[EventRounds "9"]
[EventCountry "NOR"]
[EventCategory "21"]
[SourceTitle "CBM 155"]
[Source "ChessBase"]
[SourceDate "2013.07.16"]
[SourceVersion "1"]
[SourceVersionDate "2013.07.16"]
[SourceQuality "1"]

1. d4 Nf6 2. c4 e6 3. Nf3 d5 4. g3 dxc4 5. Bg2 c5 6. Qa4+ {Ever since I have
started studying the Catalan, I got to know that such early checks do not
offer White much. There was a strong temptation to question this long
established rule, but it failed every time. This game will confirm the old
evaluation.} Bd7 7. Qxc4 Bc6 8. O-O Nbd7 9. Nc3 (9. Bg5 Rc8 10. Bxf6 gxf6 {
At the cost of spoiling his structure, Black keeps all his pieces on optimal
positions.} ({In a historic game, he got into unexpected problems after} 10...
Nxf6 11. dxc5 Bxf3 12. Bxf3 Bxc5 13. Qb5+ Qd7 14. Nc3 Qxb5 15. Nxb5 Ke7 16. b4
Bxb4 17. Nxa7 Rc7 18. Rfc1 $36 {Kasparov,G (2690)-Kortschnoj,V (2610)/London
1983/Candidates/[ChessBase] (1-0, 46). Black lost the b7-pawn soon and after a
tough defence, the game.}) 11. Nc3 b5 $132 {Inkiov,V (2485)-Pinter,J (2575)/
Zagreb 1987/CBM 004/[Ftacnik] (1-0, 36)}) 9... Rc8 10. Be3 {Quite provocative.}
({The cautious} 10. Qd3 {does not offer much either:} cxd4 (10... Be7 11. Rd1
cxd4 12. Nxd4 Bxg2 13. Kxg2 O-O 14. Nb3 Qb6 15. Be3 Qc6+ 16. Kg1 Ne5 17. Na5
Qc7 18. Qb5 a6 19. Qxb7 {Kurajica,B (2520)-Todorovic,G (2435)/Biel 1991/EXT
2000 (1-0, 74)} Qxb7 20. Nxb7 Nc4 $15) 11. Nxd4 Bxg2 12. Kxg2 Bc5 13. Nb3 O-O
14. Bf4 Bb4 15. Nb5 {Alburt,L (2535)-Pinter,J (2540)/Taxco 1985/IZT (1/2, 55)}
Qb6 $11 {[%cal Gf6d5]} 16. Be3 Nc5) (10. Bg5 cxd4 11. Qxd4 Bc5 12. Qf4 h6 13.
Bxf6 Qxf6 14. Rfd1 $6 (14. Qxf6 {is somewhat better, but does not cause Black
problems.} Nxf6 15. Rfd1 Ke7 {In fact, with his king ready for centralisation,
Black may even get the better chances in the long run.}) 14... Qxf4 15. gxf4 {
[%csl Gf4]} Bb4 16. Rac1 Ke7 17. a3 $6 Bxf3 18. Bxf3 Bxc3 19. Rxc3 Rxc3 20.
bxc3 Rc8 (20... Nc5 21. f5 $5) (20... b6 $15) 21. Bxb7 Rxc3 22. Ra1 Nc5 $15 {
Bacrot,E (2709)-Kortschnoj,V (2623)/Odessa (rapid) 2007/CBM 119 (1/2, 51). As
we see, Korchnoi did not abandon his old line despite the unfavourable result.}
) 10... b5 $1 11. Qd3 (11. Nxb5 $2 Nb6 12. Qb3 c4 $19) 11... b4 12. Nb1 c4 $5 {
Usually, Black does not release the tension so easily in this structure, but
the bishop's presence in front of the e2-pawn will cause White problems
setting his centre in motion.} 13. Qc2 (13. Qxc4 $2 Bxf3) 13... Be7 14. a3 $146
{This novelty is not too impressive.} (14. Bg5 Be4 15. Qa4 O-O 16. Nbd2 Bc6 17.
Qc2 Nb6 18. Rac1 Ba4 19. Qb1 c3 20. Nb3 Bb5 $17 {Vaulin,A (2490)-Sherbakov,R 
(2580)/Elista 1997/CBM 059/[Hecht] (0-1, 78)}) 14... b3 $5 {Anand correctly
evaluates that White will not get any profit from the control of the c3-square.
} (14... a5 15. axb4 axb4 {looks entirely acceptable, though.}) 15. Qc1 Nb6 16.
Nc3 Nfd5 {As we see, both knights are ready for undermining the blockade on c3.
} 17. Bd2 O-O 18. Ne5 $6 ({White would win a tempo over the game with} 18. Re1
{[%cal Ge2e4]} Nxc3 19. Bxc3 Be4 20. Ne5 Bxg2 21. Kxg2 Na4 {, but this is not
that relevant for the evaluation of the position since} 22. e4 {is strongly
met with} f5) 18... Nxc3 19. Bxc3 Bxg2 20. Kxg2 Na4 $17 {This knight paralyses
the white queenside.} 21. Re1 f5 22. f3 Bg5 23. e3 Bf6 {White has two minor
pieces installed on stable squares, but they are both exposed to an exchange
at a moment that can be chosen by Black at his own convenience.} 24. e4 {
This looks like premature activity and will only make things worse.} Bxe5 25.
dxe5 fxe4 26. Rxe4 Qd3 {The most ambitious approach, keeping the mighty knight.
} ({However,} 26... Nxc3 {is also quite promising} 27. Qxc3 Qd3 28. Re3 Qxc3
29. Rxc3 Rfd8 $17) 27. Re3 Qd5 28. Qe1 Rfd8 29. Rc1 Qb5 30. Rd1 Rd3 {Black's
domination on the light squares is overwhelming now.} 31. Rexd3 (31. Rc1 Qd5 {
[%cal Gc8f8]}) 31... cxd3 32. Bd4 Qc4 33. Be3 Nxb2 34. Rc1 d2 0-1